النشرة السنوية لوسائل نقل المواد البترولية في مصر عام 2019/2018/

ترجع أهمية وسائل نقل المواد البترولية بأنواعها إلى أهميتها كخدمة نقل من مناطق الإنتاج إلى مناطق الاستهلاك، وارتباطها بحركة التطوير الشامل. في هذا الإطار يصدر الجهاز المركزي للتعبئة العامة والإحصاء النشرة السنوية لوسائل نقل المواد البترولية في مصر والتي تتضمن مقارنة وسائل النقل المختلفة طبقا للكمية ا...

全面介绍

Saved in:
书目详细资料
主要作者: الجهاز المركزي للتعبئة و الإحصاء
企业作者: الجهاز المركزي للتعبئة العامة والإحصاء
格式: 序列
语言:阿拉伯语
出版: القاهرة : الجهاز المركزى للتعبئة العامة والإحصاء. 2020
主题:
标签: 添加标签
没有标签, 成为第一个标记此记录!

MARC

LEADER 00000nas a2200000 a 4500
003 INP
005 20201013104927.0
008 110706uuuuuuuuuua ar s o0 f0ara d
952 |0 0  |1 0  |4 0  |6 387_562000000000000_ن_ش_2019_2018  |7 0  |8 نشرات التع  |9 20437  |a INP  |b INP  |c MAIN  |d 2020-08-26  |l 0  |o 387.562 ن ش 2019/2018  |p 021443  |r 2022-03-28 00:00:00  |w 2020-08-26  |y PUB  |0 0  |0 0  |0 0 
999 |c 16555  |d 16555 
040 |a EG-INP  |c EG-INP  |b ara 
082 0 4 |a 387.562  |b ن ش 2019/2018  |2 21 
100 |a الجهاز المركزي للتعبئة و الإحصاء. 
245 0 2 |a النشرة السنوية لوسائل نقل المواد البترولية في مصر عام 2019/2018/  |c الجهاز المركزي للتعبئة و الإحصاء. 
260 |a القاهرة :   |b الجهاز المركزى للتعبئة العامة والإحصاء.  |c 2020 
300 |a 32ص. :  |b ايض. ؛  |c 29 سم 
310 |a سنوى 
500 |a "مرجع رقم : (71 - 21122 - 2019)" 
500 |a إصدار فبراير 2020. 
500 |a بني الوصف على 2019/2018. 
520 |a ترجع أهمية وسائل نقل المواد البترولية بأنواعها إلى أهميتها كخدمة نقل من مناطق الإنتاج إلى مناطق الاستهلاك، وارتباطها بحركة التطوير الشامل. في هذا الإطار يصدر الجهاز المركزي للتعبئة العامة والإحصاء النشرة السنوية لوسائل نقل المواد البترولية في مصر والتي تتضمن مقارنة وسائل النقل المختلفة طبقا للكمية المنقولة ومتوسط تكلفة نقلها. 
650 7 |a نقل البترول  |v احصائيات  |2 qrmak 
650 7 |a وسائل النقل  |2 qrmak 
650 7 |a البترول  |v دوريات  |2 qrmak  |x نقل 
653 0 |a المواد البترولية. 
710 2 |a الجهاز المركزي للتعبئة العامة والإحصاء. 
901 |a EGPV2 
902 |a egpv34 
903 |a original 
942 |c PUB  |2 ddc